[Event "Turin Autumn op"]
[Site "Turin"]
[Date "2006.11.??"]
[Round "3"]
[White "Mori, Andrea"]
[Black "Fortino, Fabrizio"]
[Result "1/2-1/2"]
[WhiteElo "2034"]
[BlackElo "2057"]
[PlyCount "77"]
[EventDate "2006.10.28"]
[EventType "swiss"]
[EventRounds "7"]
[EventCountry "ITA"]
[SourceTitle "EXT 2011"]
[Source "ChessBase"]
[SourceDate "2010.11.26"]
[SourceVersion "1"]
[SourceVersionDate "2010.11.26"]
[SourceQuality "1"]

1. d4 d6 2. Nf3 g6 3. g3 Bg7 4. Bg2 Nf6 5. c4 0-0 6. Nc3 Nbd7 7. 0-0 c6 8. e4 e5 9. Rb1 Re8 10. h3 exd4 11. Nxd4 Nc5 12. Re1 a5 13. Bf4 Qc7 14. Nb3 Nxb3 15. Qxb3 Nd7 16. Red1 Ne5 17. Rbc1 Be6 18. Nd5 Bxd5 19. cxd5 c5 20. a4 h6 21. Bf1 Qe7 22. Re1 Qf6 23. Bxe5 Qxe5 24. Bb5 Red8 25. Re2 h5 26. Kg2 h4 27. f4 Qe7 28. Rf1 Bd4 29. Qf3 Rac8 30. b3 Rc7 31. Qg4 hxg3 32. Qxg3 Kg7 33. Bc4 f6 34. Bd3 Rg8 35. Rf3 b6 36. Kf1 Qe8 37. Bb5 Qe7 38. Bd3 Qe8 39. Bb5 1/2-1/2

[Event "Internet Section 06B g/8'+2\""]
[Site "Dos Hermanas"]
[Date "2004.03.06"]
[Round "4"]
[White "Lievano, Juan"]
[Black "Mori, Andrea"]
[Result "0-1"]
[WhiteElo "2289"]
[BlackElo "1928"]
[PlyCount "54"]
[EventDate "2004.03.06"]
[EventType "swiss (blitz)"]
[EventRounds "9"]
[EventCountry "ESP"]
[SourceTitle "CBM 099 Extra"]
[Source "ChessBase"]
[SourceDate "2004.05.04"]
[SourceVersion "1"]
[SourceVersionDate "2004.05.04"]
[SourceQuality "1"]

1. d4 Nf6 2. Bg5 e6 3. e4 h6 4. Bxf6 Qxf6 5. Nc3 d6 6. Qd2 g5 7. 0-0-0 Bg7 8. e5 dxe5 9. dxe5 Qf4 10. Qxf4 gxf4 11. Nf3 Bd7 12. Bc4 Nc6 13. Rhe1 0-0-0 14. Ne4 Nxe5 15. Nxe5 Bxe5 16. Nc5 Bd6 17. Ne4 Be7 18. f3 Rhg8 19. Re2 Bc6 20. Rxd8+ Bxd8 21. Nc3 a6 22. Rxe6 Rxg2 23. Rxh6 Bxf3 24. Bd5 Bxd5 25. Nxd5 Bg5 26. Rh8+ Kd7 27. Kd1 f3 0-1

[Event "Internet Section 06B g/8'+2\""]
[Site "Dos Hermanas"]
[Date "2004.03.06"]
[Round "5"]
[White "Mori, Andrea"]
[Black "Herman, Matthew J"]
[Result "0-1"]
[WhiteElo "1926"]
[BlackElo "2400"]
[PlyCount "78"]
[EventDate "2004.03.06"]
[EventType "swiss (blitz)"]
[EventRounds "9"]
[EventCountry "ESP"]
[SourceTitle "CBM 099 Extra"]
[Source "ChessBase"]
[SourceDate "2004.05.04"]
[SourceVersion "1"]
[SourceVersionDate "2004.05.04"]
[SourceQuality "1"]

1. d4 c5 2. d5 e5 3. c4 d6 4. Nc3 g6 5. e4 Bg7 6. Nf3 Ne7 7. Be2 0-0 8. 0-0 h6 9. Be3 f5 10. Ne1 Nd7 11. Qc2 f4 12. Bd2 Nf6 13. f3 g5 14. g4 Ng6 15. Ng2 h5 16. h3 Kf7 17. Kf2 Rh8 18. Rh1 Bd7 19. Rag1 a6 20. a4 b6 21. Ne1 Nh4 22. Ng2 Ng6 23. Ke1 Qe7 24. Kd1 Rh6 25. h4 hxg4 26. hxg5 Rxh1 27. Rxh1 gxf3 28. gxf6 fxg2 29. Rg1 Qxf6 30. Bf3 Bh3 31. Be1 Rh8 32. Bxg2 Bg4+ 33. Kc1 Rh2 34. Qb3 f3 35. Bf1 f2 36. Bxf2 Qxf2 37. Rxg4 Qxf1+ 38. Nd1 Bh6+ 39. Kb1 Rh1 0-1